| 000 | 00469nam a2200169 i 4500 | ||
|---|---|---|---|
| 001 | bg | ||
| 100 | 1 | _aDROZDOV, Jurij N. | |
| 245 | 0 |
_aTrenije i iznos v ekstremal'nych uslovijach : _bspravocnik / _cJ.N. Drozdov, V.G. Pavlov, V.N. Puckov. |
|
| 260 |
_aMoskva, _c1986. |
||
| 700 | 1 | _aPAVLOV, Vjaceslav G. | |
| 700 | 1 | _aPUCKOV, Vladimir N. | |
| 040 | _cBPK | ||
| 041 | _apol | ||
| 080 | _a621.89+539.3/.6 | ||
| 942 | _cKS | ||
| 008 | s pl f |000 0 pol | ||
| 999 |
_c23548 _d23548 |
||